01615nam a2200385 a 4500001001000000003000500010005001700015008004100032010001100073011001100084040000900095090001000104100004500114245015500159260004100314500006000355502008500415590004100500590003700541590004100578590004100619590004000660590004000700650003200740650003300772650002000805856001600825856007000841901000700911942001000918942000600928999001900934952013600953952014001089000111057CHAP20220329144156.0141127s2014 mx fsm |||||||spa d a107519 a108491 cCHAP aTesis1 aCayón Quiroz, Victoria Nallely912885910aPropuesta de intervención en el aula, para mejorar habilidades del habla en niños de prescolarh[En línea]cpor Victoria Nallely Cayón Quiroz. aChapingo, Méx. :bEl autor,c2014. aPara ver el contenido del material haga clic en la liga aTesis (Maestra en Procesos Educativos) -- UACH. Centro de Educación Continúa aBATCH-UPDb05c20141127lUCH01h1404 aBATCHb00c20181121lUCH01h0759 aE11695DGDb10c20141128lUCH01h0817 aE11695DGDb10c20170209lUCH01h1434 aE5995AHEb05c20141127lUCH01h1404 aE5995AHEb05c20141127lUCH01h140614aComunicación oral.92623814aDesarrollo infantil.912886214aNiños.981369 a1 n0001487 aFinding aiduhttp://10.13.5.2/tesis/sist111057.pdfzTeclea aquí aBK cTESIS n0 c107519d107519 00104054718TESISaBCbBCd2014-11-27fTESISl0oTesisp33724002433223r2019-12-31 00:00:00w2019-12-31yTESISzRecien adquirido 00102local4053708TESISaBCbBCcPA_TESISd2014-11-27fTESISl0oTesisp33724002433264r2019-12-31 00:00:00tc.2w2019-12-31yTESIS